යන්නම ගිහින් /

Saved in:
Bibliographic Details
Main Author: සුමනසේකර , සෝමවීර
Format: Book
Language:English
Published: කර්තෘ ප්‍රකාශක ,
Subjects:
Tags: Add Tag
No Tags, Be the first to tag this record!

MARC

LEADER 00000nam a22000007a 4500
003 LK-ApPL
005 20260410121220.0
008 260410b |||||||| |||| 00| 0 eng d
020 |a 9786245713998 
040 |a LK-ApPL  |b eng  |d LK-ApPL 
082 |2 23  |a 891.483  |b සුමන  
100 |a සුමනසේකර , සෝමවීර  
245 |a යන්නම ගිහින් /  |c සෝමවීර සුමනසේකර  
260 |b කර්තෘ ප්‍රකාශක , 
300 |a පි. 66 :  |c සෙ.මි.21 
650 0 |a නවකතා  
942 |c LBK 
999 |c 24351  |d 24351